[Event "Hamburg-ch cand"]
[Site "Hamburg"]
[Date "2016.05.20"]
[Round "7"]
[White "Gremmel, Jonas Simon"]
[Black "Glodowski, Marek"]
[Result "1-0"]
[WhiteElo "1667"]
[BlackElo "1922"]
[PlyCount "69"]
[EventDate "2016.05.14"]
[EventType "swiss"]
[EventRounds "9"]
[EventCountry "GER"]
[SourceTitle "EXT 2018"]
[Source "ChessBase"]
[SourceDate "2017.10.13"]
[SourceVersion "1"]
[SourceVersionDate "2017.10.13"]
[SourceQuality "1"]

1. d4 d5 2. Bf4 Nf6 3. Nf3 c5 4. c3 Nc6 5. e3 Qb6 6. Qc2 Bf5 7. Qb3 c4 8. Qxb6 axb6 9. Nbd2 b5 10. h3 h6 11. Be2 e6 12. 0-0 b4 13. cxb4 Bxb4 14. a3 Be7 15. Rfc1 0-0 16. Ne5 Nxe5 17. Bxe5 b5 18. Bxf6 Bxf6 19. f3 Ra7 20. b3 Rfa8 21. a4 Be7 22. bxc4 dxc4 23. Bd1 Bd3 24. Ra2 Bb4 25. Ne4 Be7 26. Nf2 Bg6 27. Kf1 f6 28. Re2 bxa4 29. Rxc4 a3 30. Ra2 Bb1 31. Ra1 a2 32. Bc2 Rb7 33. Ke2 Ba3 34. Nd3 Rd8 35. Kd2 1-0

[Event "Hamburg-ch MB"]
[Site "Hamburg"]
[Date "2015.05.24"]
[Round "2"]
[White "Ertelt, Alf"]
[Black "Glodowski, Marek"]
[Result "0-1"]
[WhiteElo "1815"]
[BlackElo "1973"]
[PlyCount "68"]
[EventDate "2015.05.23"]
[EventType "swiss"]
[EventRounds "9"]
[EventCountry "GER"]
[SourceTitle "EXT 2022"]
[Source "ChessBase"]
[SourceDate "2021.10.06"]
[SourceVersion "1"]
[SourceVersionDate "2021.10.06"]
[SourceQuality "1"]

1. d4 Nf6 2. c4 e6 3. Nc3 Bb4 4. Qc2 d5 5. e3 c5 6. Nf3 Nc6 7. a3 Bxc3+ 8. bxc3 0-0 9. Bd3 Re8 10. 0-0 e5 11. dxe5 Nxe5 12. Nxe5 Rxe5 13. cxd5 Rxd5 14. Bc4 Rh5 15. f3 Qc7 16. g4 Re5 17. e4 Re8 18. Bg5 Be6 19. Bb5 Bd7 20. Be2 Qe5 21. Bh4 Bc6 22. Bg3 Qe6 23. Rfd1 Red8 24. Rd2 Rxd2 25. Qxd2 Qb3 26. Bf2 Qb6 27. Rd1 Ba4 28. Rc1 Rd8 29. Qg5 Qb2 30. e5 h6 31. Qh4 Qxc1+ 32. Kg2 Qd2 33. Bc4 Nh7 34. e6 fxe6 0-1

[Event "Hamburg-chA"]
[Site "Hamburg"]
[Date "2010.05.26"]
[Round "6.4"]
[White "Seidel, Mika"]
[Black "Glodowski, Marek"]
[Result "1/2-1/2"]
[WhiteElo "1842"]
[BlackElo "1953"]
[PlyCount "185"]
[EventDate "2010.05.22"]
[EventType "swiss"]
[EventRounds "9"]
[EventCountry "GER"]
[SourceTitle "EXT 2011"]
[Source "ChessBase"]
[SourceDate "2010.11.26"]
[SourceVersion "1"]
[SourceVersionDate "2010.11.26"]
[SourceQuality "1"]

1. c4 e5 2. Nc3 Nf6 3. Nf3 Nc6 4. a3 d6 5. d4 exd4 6. Nxd4 Nxd4 7. Qxd4 Bf5 8. g3 Be7 9. Bg2 c6 10. 0-0 0-0 11. b3 Qb6 12. Qxb6 axb6 13. e4 Be6 14. Be3 Nd7 15. Rfd1 Rfd8 16. f4 f6 17. Na4 Ra6 18. Bf1 Nc5 19. Nxc5 bxc5 20. e5 Raa8 21. exd6 Bxd6 22. Be2 Bf5 23. Rd2 Re8 24. Kf2 Re6 25. g4 Rae8 26. Rxd6 Rxe3 27. Bf3 Bc2 28. b4 Bb3 29. Rd7 cxb4 30. axb4 Bxc4 31. Rxb7 Bb5 32. Raa7 Bc4 33. Rxg7+ Kf8 34. Rxh7 Kg8 35. g5 fxg5 36. Rhg7+ Kh8 37. Rxg5 Rb3 38. Rh5+ Kg8 39. Rg5+ Kh8 40. Re5 Rb2+ 41. Kg3 Rg8+ 42. Rg5 Rf8 43. Be4 Rb3+ 44. Kg2 Rb2+ 45. Kg1 Bf7 46. Rg4 Rxb4 47. Ra3 Bb3 48. Bxc6 Rd8 49. Ra5 Bf7 50. Rh4+ Kg7 51. Rg5+ Kf6 52. Rh6+ Ke7 53. Re5+ Kf8 54. Rh8+ Bg8 55. Bd5 Kg7 56. Rxg8+ Rxg8 57. Bxg8 Kxg8 58. Rf5 Rb2 59. Rg5+ Kf7 60. Rg2 Rb4 61. Rf2 Kf6 62. Kg2 Kf5 63. Kg3 Rb3+ 64. Rf3 Rb1 65. Rf2 Rg1+ 66. Kf3 Ra1 67. h4 Rh1 68. Kg3 Rg1+ 69. Kh2 Rg4 70. h5 Rh4+ 71. Kg3 Rxh5 72. Rc2 Rh1 73. Rc5+ Kf6 74. Kg4 Rg1+ 75. Kf3 Rh1 76. Ke4 Re1+ 77. Kd4 Rd1+ 78. Ke3 Re1+ 79. Kf2 Rh1 80. Rg5 Rh4 81. Kf3 Rh3+ 82. Rg3 Rxg3+ 83. Kxg3 Kf5 84. Kf3 Kf6 85. Ke4 Ke6 86. f5+ Kf6 87. Kf4 Kf7 88. Ke5 Ke7 89. f6+ Kf7 90. Kf5 Kf8 91. Ke6 Ke8 92. f7+ Kf8 93. Kf6 1/2-1/2

[Event "Hamburg-chA"]
[Site "Hamburg"]
[Date "2010.05.24"]
[Round "3.2"]
[White "Glodowski, Marek"]
[Black "Haack, Stefan"]
[Result "1/2-1/2"]
[WhiteElo "1793"]
[BlackElo "1775"]
[PlyCount "43"]
[EventDate "2010.05.22"]
[EventType "swiss"]
[EventRounds "9"]
[EventCountry "GER"]
[SourceTitle "EXT 2011"]
[Source "ChessBase"]
[SourceDate "2010.11.26"]
[SourceVersion "1"]
[SourceVersionDate "2010.11.26"]
[SourceQuality "1"]

1. e4 e5 2. Bc4 Nc6 3. Nf3 Nf6 4. d3 Be7 5. 0-0 0-0 6. Bg5 d6 7. h3 Be6 8. Nbd2 Qd7 9. Nh4 h6 10. Bxf6 Bxf6 11. Qh5 Nd4 12. c3 Ne2+ 13. Qxe2 Bxh4 14. f4 exf4 15. Rxf4 Bg5 16. Rf2 Bxd2 17. Qxd2 Bxc4 18. dxc4 Qe6 19. Qd5 Qxd5 20. cxd5 Rae8 21. Re1 Re5 22. Rf5 1/2-1/2